000 00460nam a2200181Ia 4500
003 GCL
008 140319s9999 xx 000 0 eng d
040 _aGCL /
_cGCL
082 0 4 _a843
_bT M
100 1 _aTOLSTOI, LEO
245 1 0 _aLA MORT D'IVAN ILLITCB /
_cTOLSTOI, LEO
260 _a[S.N] :
_bLE LIVRE DE POCHE ،
_c1976
300 _a210 P
490 _aLE LIVRE DE POCHE
_v0
650 0 4 _aLITERATURE
650 0 4 _aFRENCH LITERATURE
942 _2ddc
_cBK
999 _c22843
_d22843